MARC

LEADER 00000nam0a2200000 4500
001 88648
005 20231031102716.0
035 |a (RuTPU)RU\TPU\book\95132 
090 |a 88648 
100 |a 20051228d1962 m y0rusy50 ca 
101 0 |a rus 
102 |a RU 
105 |a y z 000zy 
200 1 |a Инструкция по применению классификации запасов к месторождениям ртутных и сурьмяных руд  |f Государственная комиссия по запасам полезных ископаемых 
210 |a Москва  |c Госгеолтехиздат  |d 1962 
215 |a 48 с. 
610 1 |a ртутные месторождения 
610 1 |a подсчет запасов 
610 1 |a классификация 
610 1 |a сурьма 
610 1 |a инструкции 
675 |a 553.042  |v 3 
675 |a 553.4  |v 3 
712 0 2 |a Государственная комиссия по запасам полезных ископаемых Министерства природных ресурсов РФ  |2 stltpush  |3 (RuTPU)RU\TPU\col\8962 
801 1 |a RU  |b 63413507  |c 20051228  |g PSBO 
801 2 |a RU  |b 63413507  |c 20101228  |g PSBO 
942 |c BK